Arsenal First Team 2012-13 - Statistics

General Stats
  • This quiz has been taken 869 times
  • The average score is 16 of 27
Answer Stats
Hint Answer % Correct
14 Walcott
89%
12 Giroud
87%
3 Sagna
80%
10 Wilshere
79%
4 Mertesacker
77%
16 Ramsey
77%
8 Arteta
74%
19 Cazorla
74%
28 Gibbs
74%
9 Podolski
74%
6 Koscielny
73%
21 Fabianski
67%
7 Rosicky
63%
5 Vermaelen
60%
2 Diaby
58%
1 Szczesny
56%
15 Oxlade Chamberlain
52%
27 Gervinho
50%
25 Jenkinson
49%
11 Santos
44%
23 Arshavin
41%
24 Mannone
41%
29 Chamakh
36%
22 Coquelin
28%
20 Djourou
26%
18 Squillaci
23%
26 Frimpong
22%
No matching quizzes found
Score Distribution
Percent of People with Each Score
Percentile by Number Answered
Your Score History
You have not taken this quiz